Special relativity

Tallennettuna:
Bibliografiset tiedot
Päätekijä: Schröder, Ulrich E
Aineistotyyppi: Kirja
Julkaistu: World Scientific 1990
Tagit: Lisää tagi
Ei tageja, Lisää ensimmäinen tagi!
Thư viện lưu trữ: Mạng thư viện Đại học Đà Nẵng
LEADER 00517nam a2200217 a 4500
001 000030112
003 25182
005 20171030145630.0
008 171030s1990
040 |a LTT 
082 0 |a 530.11  |b SC-U 
100 1 |a Schröder, Ulrich E 
245 0 0 |a Special relativity  |c U.E. Schroder. 
260 |b World Scientific  |c 1990 
OWN |a LTT 
999 |a From the UDN01 
TYP |a Monograph 
TYP |a Printed language 
980 |a Mạng thư viện Đại học Đà Nẵng